OXFORD DICTIONARY OF FOOD & NUTRITION (Record no. 7042)

MARC details
000 -LEADER
fixed length control field 00327nam a2200133Ia 4500
008 - FIXED-LENGTH DATA ELEMENTS--GENERAL INFORMATION
fixed length control field 150301s2009 xx 000 0 und d
082 ## - DEWEY DECIMAL CLASSIFICATION NUMBER
Classification number 641
Item number BEN
100 ## - MAIN ENTRY--PERSONAL NAME
Personal name BENDER, I.
245 ## - TITLE STATEMENT
Title OXFORD DICTIONARY OF FOOD & NUTRITION
250 ## - EDITION STATEMENT
Edition statement 1ST
260 ## - PUBLICATION, DISTRIBUTION, ETC. (IMPRINT)
Name of publisher, distributor, etc. SNAB. PUBLISHER PVT. LTD.
Date of publication, distribution, etc. 2009
300 ## - PHYSICAL DESCRIPTION
Extent 585
942 ## - ADDED ENTRY ELEMENTS (KOHA)
Source of classification or shelving scheme Dewey Decimal Classification
Koha item type Books
Koha issues (borrowed), all copies 1
Holdings
Withdrawn status Lost status Source of classification or shelving scheme Damaged status Not for loan Collection code Home library Current library Date acquired Source of acquisition Cost, normal purchase price SGTU Bill Number Total Checkouts Full call number Barcode Date last seen Date last checked out Bill Date Koha item type
    Dewey Decimal Classification     HOTEL MANAGEMENT SGT Science & Social Sciences Library SGT Science & Social Sciences Library 02/07/2015 R.K BOOKS 410.00 SGTU IN568 1 641 BEN HM150 09/07/2015 09/07/2015 26/06/2015 Books